El beso de la mujer araña
Guardat en:
| Autor principal: | |
|---|---|
| Format: | Llibre |
| Idioma: | Spanish |
| Publicat: |
Barcelona, España
Editorial seix Barral
1985
|
| Matèries: | |
| Etiquetes: |
Afegir etiqueta
Sense etiquetes, Sigues el primer a etiquetar aquest registre!
|
MARC
| LEADER | 00000nam a2200000Ia 4500 | ||
|---|---|---|---|
| 008 | 170316s9999 xx 000 0 spa d | ||
| 999 | |c 9101 |d 9101 | ||
| 040 | |a cru BVZT | ||
| 090 | |a 860 P-36b | ||
| 100 | |a Puig, Manuel | ||
| 245 | |a El beso de la mujer araña | ||
| 260 | |a Barcelona, España | ||
| 260 | |b Editorial seix Barral | ||
| 260 | |c 1985 | ||
| 300 | |a 288 páginas | ||
| 650 | |a LITERATURA LATINOAMERICANA |9 15 | ||
| 650 | |a NOVELA |9 13 | ||
| 942 | |c 15 D |h 860 P-36b |2 z | ||
